Nicaragua 1979-2007: transición a la democracia y perspectivas de su consolidación (versión en borrador) /

Gespeichert in:
Bibliographische Detailangaben
1. Verfasser: Rovira Mas, Jorge
Format: Text
Tags: Tag hinzufügen
Keine Tags, Fügen Sie den ersten Tag hinzu!

MARC

LEADER 00000 a a2200000 04500
001 8905
003
040
100 |a Rovira Mas, Jorge  
245 |a Nicaragua 1979-2007:   |b transición a la democracia y perspectivas de su consolidación (versión en borrador) /  |c Jorge Rovira Mas 
773 |g volumen 5, número 1; página 19  
999 |c 25125  |d 25125